The Jameson raid / (Record no. 99618)
[ view plain ]
| 000 -LEADER | |
|---|---|
| fixed length control field | 00434nam a2200181Ia 4500 |
| 003 - CONTROL NUMBER IDENTIFIER | |
| control field | 0100 |
| 005 - DATE AND TIME OF LATEST TRANSACTION | |
| control field | 20180302123835.0 |
| 008 - FIXED-LENGTH DATA ELEMENTS--GENERAL INFORMATION | |
| fixed length control field | 130307s9999 xx 000 0 und d |
| 040 ## - CATALOGING SOURCE | |
| Transcribing agency | ARRUPELIB |
| 050 ## - LIBRARY OF CONGRESS CALL NUMBER | |
| Classification number | DT929.V3 1951 |
| 300 ## - PHYSICAL DESCRIPTION | |
| Other physical details | 22cm. |
| 100 ## - MAIN ENTRY--PERSONAL NAME | |
| Personal name | Van der Poel, Jean |
| 9 (RLIN) | 40203 |
| 245 #4 - TITLE STATEMENT | |
| Title | The Jameson raid / |
| 260 ## - PUBLICATION, DISTRIBUTION, ETC. (IMPRINT) | |
| Place of publication, distribution, etc | London |
| Name of publisher, distributor, etc | Oxford university press |
| Date of publication, distribution, etc | 1951 |
| 300 ## - PHYSICAL DESCRIPTION | |
| Extent | 271p. |
| 650 ## - SUBJECT ADDED ENTRY--TOPICAL TERM | |
| Topical term or geographic name as entry element | Jameson's raid |
| 9 (RLIN) | 40199 |
| 942 ## - ADDED ENTRY ELEMENTS (KOHA) | |
| Source of classification or shelving scheme | Library of Congress Classification |
| Koha item type | Monograph ( Printed materials) |
| Withdrawn status | Lost status | Source of classification or shelving scheme | Damaged status | Not for loan | Collection code | Home library | Current library | Date acquired | Total Checkouts | Full call number | Barcode | Date last seen | Copy number | Price effective from | Koha item type | Shelving location |
|---|---|---|---|---|---|---|---|---|---|---|---|---|---|---|---|---|
| Library of Congress Classification | Main Collection | ARRUPE LIBRARY | ARRUPE LIBRARY | 07/03/2013 | DT929.V3 1951 | 46600000555 | 07/12/2017 | 1 | 07/03/2013 | Monograph ( Printed materials) | ||||||
| Library of Congress Classification | SPECIAL Collection | ARRUPE LIBRARY | ARRUPE LIBRARY | 26/03/2014 | SPC DT929.V3 1951 | 46500001853 | 26/03/2014 | 26/03/2014 | REFERENCE | Main Collection |